DNA και ιστορία : The genographic project = το γονιδιογραφικό πρόγραμμα
Η ιστορία της κατάληψης του πλανήτη Γη από τον άνθρωπο όπως αποκαλύπτεται για πρώτη φορά μέσα από το DNA. Το πρωτοποριακό αυτό πρόγραμμα παρουσιάζει ο δρ Σπένσερ Γουέλς, ειδικός στη γενετική πρηθυσμών και επιστημονικός υπεύθυνος του Genographic Project (Γονιδιογραφικό Πρόγραμμα)....
Αποθηκεύτηκε σε:
| Συγγραφή απο Οργανισμό/Αρχή: | |
|---|---|
| Άλλοι συγγραφείς: | |
| Μορφή: | Βίντεο DVD |
| Γλώσσα: | English Greek |
| Δημοσίευση: |
[Washington, D.C.] : Αθήνα :
NGHT ; Δημοσιογραφικός Οργανισμός Λαμπράκη,
c2006.
|
| Θέματα: | |
| Ετικέτες: |
Προσθήκη ετικέτας
Δεν υπάρχουν, Καταχωρήστε ετικέτα πρώτοι!
|
MARC
| LEADER | 00000cgm a2200000 i 4500 | ||
|---|---|---|---|
| 001 | 1/44126 | ||
| 007 | vd cgaim | ||
| 008 | 070511s2006 xx ||| | || ||eng|| | ||
| 035 | |l 10087782 | ||
| 040 | |a GR-MyUa |b gre |e AACR2 | ||
| 041 | 0 | |a eng |j gre | |
| 082 | 7 | |a 599.935 |2 (22) | |
| 245 | 1 | 0 | |a DNA και ιστορία : |h [μαγνητοσκόπηση] |b The genographic project = το γονιδιογραφικό πρόγραμμα / |c National Geographic. |
| 246 | 1 | |i Παράλληλος τίτλος: |a Το γονιδιογραφικό πρόγραμμα [μαγνητοσκόπηση] | |
| 260 | |a [Washington, D.C.] : |a Αθήνα : |b NGHT ; |b Δημοσιογραφικός Οργανισμός Λαμπράκη, |c c2006. | ||
| 300 | |a 4 βιντεοδίσκοι (3 ώρες και 27 λεπτ.) : |b ομίλ., έγχρ. ; |c 4 3/4 ίν. | ||
| 500 | |a Διανέμεται δωρεάν με τα τεύχη Ιαν-Απρ 2007 του περιοδικού NATIONAL GEOGRAPHIC. | ||
| 500 | |a Τίτλος από το κιβώτιο. | ||
| 505 | 8 | |a Dvd 1 : Το ταξίδι του ανθρώπου (μέρος Α΄) -- dvd 2 : Το ταξίδι του ανθρώπου (μέρος Β΄) -- dvd 3 : Η αναζήτηση του Αδάμ -- dvd 4 : Ποιοι ήταν οι Φοίνικες. | |
| 511 | 0 | |a Παρουσίαση: δρ Σπένσερ Γουέλς. | |
| 520 | 8 | |a Η ιστορία της κατάληψης του πλανήτη Γη από τον άνθρωπο όπως αποκαλύπτεται για πρώτη φορά μέσα από το DNA. Το πρωτοποριακό αυτό πρόγραμμα παρουσιάζει ο δρ Σπένσερ Γουέλς, ειδικός στη γενετική πρηθυσμών και επιστημονικός υπεύθυνος του Genographic Project (Γονιδιογραφικό Πρόγραμμα). | |
| 650 | 0 | |a Human population genetics. | |
| 650 | 0 | |a Population genetics. | |
| 650 | 0 | |a Evolutionary genetics. | |
| 650 | 0 | |a Documentary television programs. | |
| 650 | 0 | |a Human evolution. | |
| 650 | 0 | |a DNA |x Evolution. | |
| 650 | 0 | |a Human genetics. | |
| 700 | 1 | |a Wells, Spencer, |d 1969- | |
| 710 | 2 | |a National Geographic Society (U.S.) | |
| 740 | 3 | |a Το ταξίδι του ανθρώπου. | |
| 740 | 2 | |a Η αναζήτηση του Αδάμ. | |
| 740 | 0 | |a Ποιοί ήταν οι Φοίνικες; | |
| 852 | |a INST |b CHIOS |c AV |e 20070614 |h 599.935 DNA |p 005200023373 |q 005200023373 |t DVD |y 23 |z disc.1 | ||
| 852 | |a INST |b CHIOS |c AV |e 20070614 |h 599.935 DNA |p 005200023374 |q 005200023374 |t DVD |y 23 |z disc.4 | ||
| 852 | |a INST |b CHIOS |c AV |e 20070614 |h 599.935 DNA |p 005200023375 |q 005200023375 |t DVD |y 23 |z disc.2 | ||
| 852 | |a INST |b CHIOS |c AV |e 20070614 |h 599.935 DNA |p 005200023376 |q 005200023376 |t DVD |y 23 |z disc.3 | ||
| 852 | |a INST |b CHIOS |c AV |e 20070614 |h 599.935 DNA |p 005200023373 |q 005200023373 |t DVD |v disc.1: |y 23 |z disc.1 | ||
| 852 | |a INST |b CHIOS |c AV |e 20070614 |h 599.935 DNA |p 005200023374 |q 005200023374 |t DVD |v disc.4: |y 23 |z disc.4 | ||
| 852 | |a INST |b CHIOS |c AV |e 20070614 |h 599.935 DNA |p 005200023375 |q 005200023375 |t DVD |v disc.2: |y 23 |z disc.2 | ||
| 852 | |a INST |b CHIOS |c AV |e 20070614 |h 599.935 DNA |p 005200023376 |q 005200023376 |t DVD |v disc.3: |y 23 |z disc.3 | ||
| 852 | |a INST |b LESVOS |c AV |e 20070511 |h 599.935 DNA |p 005100038346 |q 005100038346 |t DVD |y 23 |z disc.1 | ||
| 852 | |a INST |b LESVOS |c AV |e 20070511 |h 599.935 DNA |p 005100038347 |q 005100038347 |t DVD |y 23 |z disc.2 | ||
| 852 | |a INST |b LESVOS |c AV |e 20070511 |h 599.935 DNA |p 005100038348 |q 005100038348 |t DVD |y 23 |z disc.3 | ||
| 852 | |a INST |b LESVOS |c AV |e 20070511 |h 599.935 DNA |p 005100038349 |q 005100038349 |t DVD |y 23 |z disc.4 | ||
| 852 | |a INST |b LESVOS |c AV |e 20070511 |h 599.935 DNA |p 005100038346 |q 005100038346 |t DVD |v disc.1: |y 23 |z disc.1 | ||
| 852 | |a INST |b LESVOS |c AV |e 20070511 |h 599.935 DNA |p 005100038347 |q 005100038347 |t DVD |v disc.2: |y 23 |z disc.2 | ||
| 852 | |a INST |b LESVOS |c AV |e 20070511 |h 599.935 DNA |p 005100038348 |q 005100038348 |t DVD |v disc.3: |y 23 |z disc.3 | ||
| 852 | |a INST |b LESVOS |c AV |e 20070511 |h 599.935 DNA |p 005100038349 |q 005100038349 |t DVD |v disc.4: |y 23 |z disc.4 | ||
| 852 | |a INST |b SYROS |c AV |e 20070613 |h 599.935 DNA |p 005500007302 |q 005500007302 |t DVD |y 23 |z disc.2 | ||
| 852 | |a INST |b SYROS |c AV |e 20070613 |h 599.935 DNA |p 005500007303 |q 005500007303 |t DVD |y 23 |z disc.3 | ||
| 852 | |a INST |b SYROS |c AV |e 20070613 |h 599.935 DNA |p 005500007304 |q 005500007304 |t DVD |y 23 |z disc.4 | ||
| 852 | |a INST |b SYROS |c AV |e 20070613 |h 599.935 DNA |p 005500007305 |q 005500007305 |t DVD |y 23 |z disc.1 | ||
| 852 | |a INST |b SYROS |c AV |e 20070613 |h 599.935 DNA |p 005500007302 |q 005500007302 |t DVD |v disc.2: |y 23 |z disc.2 | ||
| 852 | |a INST |b SYROS |c AV |e 20070613 |h 599.935 DNA |p 005500007303 |q 005500007303 |t DVD |v disc.3: |y 23 |z disc.3 | ||
| 852 | |a INST |b SYROS |c AV |e 20070613 |h 599.935 DNA |p 005500007304 |q 005500007304 |t DVD |v disc.4: |y 23 |z disc.4 | ||
| 852 | |a INST |b SYROS |c AV |e 20070613 |h 599.935 DNA |p 005500007305 |q 005500007305 |t DVD |v disc.1: |y 23 |z disc.1 | ||
| 853 | |a INST |b CHIOS |c AV |h 599.935 DNA | ||
| 853 | |a INST |b LESVOS |c AV |h 599.935 DNA | ||
| 853 | |a INST |b SYROS |c AV |h 599.935 DNA | ||
| 901 | |a BIBL5-2007-1 | ||
| 901 | |a BIBL1-2007-2 | ||
| 901 | |a BIBL2-2007-2 | ||
| 922 | |a 2ΕΛΗ |b 200706 |c Κεντρική Βιβλιοθήκη |d Χαρτσιάς | ||
| 970 | |a Καρά |b Γιασεμή |z 11/05/2007 | ||